000 00454nam a2200169Ia 4500
003 OSt
005 20210105124649.0
008 190216s9999||||xx |||||||||||||| ||und||
040 _coclc
082 _a894.8122
_bTAJ/R
100 _aTaj, P M
_98151
245 0 _aRavunni /
_cP M Taj
260 _bLipi Publication,
_aKozhikode:
_c2002.
300 _a64p
650 _aNadakam
942 _cBK
_2ddc
_h894.8122
_iTHA/R
_k894.8122
_mTHA/R
999 _c28842
_d28842